|
|
|
|
| LEADER |
01052nam a2200265 a 4500 |
| 001 |
12625399 |
| 008 |
100606s2002 nyua b 001 0 eng d |
| 010 |
|
|
|a 2001099692
|
| 020 |
|
|
|a 0500341877
|
| 040 |
|
|
|a DLC
|c DLC
|d DLC
|d DB-DhAAL
|
| 082 |
0 |
4 |
|a 720.92
|2 21
|
| 100 |
1 |
|
|a Robson, David G.
|
| 245 |
1 |
0 |
|a Geoffrey Bawa :
|b the complete works /
|c David Robson.
|
| 260 |
|
|
|a New York, N.Y. :
|b Thames & Hudson,
|c 2002.
|
| 300 |
|
|
|a 278 p. :
|b ill. (some col.) ;
|c 29 cm.
|
| 504 |
|
|
|a Includes bibliographical references (p. 271-272) and index.
|
| 541 |
1 |
|
|e 00013046
|
| 600 |
1 |
0 |
|a Bawa, Geoffrey,
|d 1919-2003
|x Criticism and interpretation.
|
| 650 |
|
0 |
|a Architecture
|z Sri Lanka
|x History
|y 20th century.
|
| 650 |
|
0 |
|a Vernacular architecture
|x Influence.
|
| 700 |
1 |
|
|a Bawa, Geoffrey,
|d 1919-2003.
|
| 852 |
4 |
|
|a Ayesha Abed Library
|j General Shelf.
|
| 942 |
0 |
0 |
|0 1
|
| 999 |
|
|
|c 8816
|d 8816
|
| 952 |
|
|
|0 0
|1 0
|2 ddc
|4 0
|6 720_920000000000000_ROB
|7 0
|9 10703
|a BRACUL
|b BRACUL
|c GEN
|d 2010-06-06
|g 6559.00
|l 32
|m 274
|o 720.92 ROB
|p 3010013046
|r 2026-03-30
|s 2025-10-29
|t 1
|w 2010-06-06
|y BK
|